Statistics for Countries that Don't Drain Out to Sea

Click here to take the quiz!

General Stats

  • This quiz has been taken 119 times
  • The average score is 7 of 10

Answer Stats

Total Area% BasinBasin AreaCountry% Correct
2,725,000701,907,500Kazakhstan
90%
1,566,000701,096,200Mongolia
84%
448,978100448,978Uzbekistan
77%
491,210100491,210Turkmenistan
69%
1,284,000951,219,800Chad
68%
652,86485554,934Afghanistan
63%
1,648,000801,318,400Iran
61%
2,150,000701,505,000Saudi Arabia
52%
2,382,000902,143,800Algeria
47%
600,37080480,296Botswana
45%

Score Distribution

Percentile by Number Answered

Percent of People with Each Score

Your Score History

You have not taken this quiz